000 00290nam a2200109Ia 4500
008 220216s9999 xx 000 0 und d
100 _aChronos Richardson
245 0 _aInnovative small chamicals weighing systems
260 _bIndian Rubber Journal
_c2002
300 _a112-115
942 _cJS
999 _c61429
_d61429